| 000 | 00745nmc a2200277 a 4500 | ||
|---|---|---|---|
| 003 | AR-BaBNM | ||
| 005 | 20251128204242.0 | ||
| 008 | 095119s1994 ||||||||||||||000 | spa|| | ||
| 020 | _a950-802-001-6 | ||
| 040 | _cAR-BaBNM | ||
| 100 | 1 | _aAgallo Barrios, Armando G. | |
| 245 | 1 | 0 |
_aDinámica de grupos _bmás de 100 juegos para practicar en clase |
| 250 | _a2ª ed. | ||
| 260 |
_aBuenos Aires _bEspacio _c1994 |
||
| 300 | 0 |
_a65 p. _bil. |
|
| 490 | 0 | _aDidáctica | |
| 650 | 4 | _aDINAMICA DE GRUPO | |
| 650 | 4 | _aJUEGOS EDUCATIVOS | |
| 650 | 4 | _aTECNICAS DE ENSENANZA | |
| 650 | 4 | _aTECNICAS DIDACTICAS | |
| 650 | 4 | _aJUEGOS INFANTILES | |
| 650 | 4 | _aMETODOS DE ENSENANZA | |
| 653 | _aEDUCACION PRIMARIA | ||
| 942 | _cBK | ||
| 998 | _cGrace | ||
| 999 |
_c6723 _d6723 |
||